Capital cities with second letter E - Statistics

General Stats
  • This quiz has been taken 49 times
  • The average score is 13 of 17
Answer Stats
Answer % Correct
Belgrade
88%
Berlin
88%
Bern
88%
Belmopan
85%
Helsinki
85%
Jerusalem
85%
Mexico City
85%
New Delhi
85%
Beijing
82%
Tehran
82%
Wellington
79%
Seoul
73%
Tegucigalpa
73%
Beirut
70%
Reykjavik
67%
Georgetown
52%
Yerevan
52%
No matching quizzes found
Score Distribution
Percent of People with Each Score
Percentile by Number Answered
Your Score History
You have not taken this quiz